000 00705nam a2200289Ia 4500
005 20260324132536.0
008 008 260324s9999 xx 000 0 eng d
020 _a9780203412800
037 _aEBOOK
040 _aCRL
040 _beng
040 _cCRL
041 _2eng
041 _aeng
084 _qCRL
100 _aSimon Guy; Steven A. Moore
_91189686
245 0 _aSustainable Architectures
245 0 _bCultures and Natures in Europe and North America
260 _bTaylor and Francis
260 _c2004
365 _a
365 _b240
856 _uhttp://www.taylorfrancis.com/books/9780203412800
942 _cEBOOK
999 _c1787878
_d1787878